[Event "35th Cannes FIJ Open 2022"]
[Site "Cannes"]
[Date "2022.02.25"]
[Round "7.7"]
[White "Klimkowski, Jan"]
[Black "Valsecchi, Alessio"]
[Result "1-0"]
[WhiteElo "2350"]
[BlackElo "2524"]
[Annotator "ChessBase"]
[PlyCount "45"]
[EventDate "2022.02.21"]
[EventType "swiss"]
[EventCountry "FRA"]
[SourceTitle "playchess.com"]
[Source "ChessBase"]
[SourceQuality "1"]
[TimeControl "40/5400+30:1800+30"]

1. e4 {[%emt 0:01:56]} e5 {[%emt 0:00:08]} 2. Nf3 {[%emt 0:00:30]} Nc6 {[%emt 0:00:09]} 3. Bb5 {[%emt 0:00:09]} a6 {[%emt 0:00:08]} 4. Ba4 {[%emt 0:00:03]} d6 {[%emt 0:00:08]} 5. O-O {[%emt 0:00:49]} Nf6 {[%emt 0:01:31]} 6. Re1 {[%emt 0:00:50]} Bd7 {[%emt 0:11:27]} 7. c3 {[%emt 0:00:45]} g6 {[%emt 0:00:07]} 8. d4 {[%emt 0:01:21]} b5 {[%emt 0:00:42]} 9. Bb3 {[%emt 0:00:58]} Bg7 {[%emt 0:00:13]} 10. Bg5 {[%emt 0:05:21]} h6 {[%emt 0:07:59]} 11. Bh4 {[%emt 0:03:18]} Qe7 {[%emt 0:07:16]} 12. Nbd2 {[%emt 0:01:35]} Na5 {[%emt 0:12:30]} 13. dxe5 {[%emt 0:23:40]} dxe5 {[%emt 0:00:12]} 14. Nxe5 {[%emt 0:00:04]} Nxb3 {[%emt 0:17:17]} 15. Nxd7 {[%emt 0:00:48]} Nxa1 {[%emt 0:02:00]} 16. e5 {[%emt 0:00:04]} Qxd7 {[%emt 0:07:57]} 17. exf6+ {[%emt 0:00:15]} Kf8 {[%emt 0:00:05]} 18. fxg7+ {[%emt 0:00:38]} Kxg7 {[%emt 0:00:07]} 19. Bf6+ {[%emt 0:00:03]} Kh7 {[%emt 0:00:10]} 20. Bxh8 {[%emt 0:00:07]} Kxh8 {[%emt 0:00:22]} 21. Nf1 {[%emt 0:00:30]} Qxd1 {[%emt 0:01:02]} 22. Rxd1 {[%emt 0:00:03]} Nc2 {[%emt 0:00:07]} 23. Rc1 {[%emt 0:00:03]} 1-0

[Event "35th Cannes FIJ Open 2022"]
[Site "Cannes"]
[Date "2022.02.25"]
[Round "7.8"]
[White "Girel, Joseph"]
[Black "Bellahcene, Bilel"]
[Result "1/2-1/2"]
[WhiteElo "2394"]
[BlackElo "2509"]
[Annotator "TA"]
[PlyCount "112"]
[EventDate "2022.02.21"]
[EventType "swiss"]
[EventCountry "FRA"]
[SourceTitle "playchess.com"]
[Source "ChessBase"]
[SourceQuality "1"]

{[%evp 9,112,41,66,28,40,0,33,45,50,0,0,0,0,0,15,17,19,-29,-30,-43,-41,-12,-9,-15,-15,-15,-3,-12,-9,-20,-8,-8,-3,-26,-33,-30,0,-34,-21,-24,-13,-28,6,6,50,50,48,38,64,16,15,0,42,36,63,76,190,179,193,116,107,109,123,95,87,91,87,81,85,84,109,107,98,52,107,63,70,69,69,57,65,65,78,16,16,16,16,16,16,16,16,16,16,16,16,16,16,16,16,16,16,0,38,0,38]} 1. d4 Nf6 2. c4 e6 3. Nf3 Ne4 4. Nbd2 d5 5. e3 Nc6 {[#]} 6. cxd5 $146 {D30: Queen's Gambit Declined: Systems without Nc3.} ({Predecessor:} 6. Nxe4 dxe4 7. Nd2 Be7 8. Nxe4 O-O 9. d5 exd5 10. cxd5 Ne5 11. Be2 Bf5 12. Ng3 Bg6 {1-0 (35) Renault,H (1200)-Gheorghe,I (1200) FICGS email 2008}) 6... exd5 7. Bb5 Bd7 8. Qb3 {White is slightly better.} Nf6 9. Bd3 (9. Ne5 $14) 9... a5 {[%cal Ba7a5,Ba5a4][%mdl 32]} 10. a3 (10. Qxb7 $2 Rb8 11. Qxb8 (11. Qa6 $2 Nb4 $19) 11... Qxb8 $19) 10... a4 11. Qc2 (11. Qxb7 $2 Na5 12. Qxa8 Qxa8 $19) 11... g6 12. O-O Bg7 13. e4 (13. b4 $142) 13... O-O $11 14. e5 Nh5 {[%cal Bf6h5,Bh5f4,Bf4d3][%mdl 32]} 15. b4 Nf4 16. Re1 Nxd3 17. Qxd3 Bf5 18. Qe3 Qd7 19. Bb2 Rae8 20. Rac1 Na7 21. Qf4 c6 22. h3 h6 23. Rc3 Nc8 24. Qg3 Be6 25. Nh4 Ne7 (25... g5 $5 {[%cal Rg5h4]} 26. Nhf3 Ne7 $15) 26. f4 Kh7 (26... Nf5 $11 {feels stronger.} 27. Qf2 Nxh4 28. Qxh4 f6) 27. Ndf3 $1 $14 Rg8 28. Bc1 f6 29. Rce3 {White is more active.} (29. b5 $14 {is superior.}) 29... f5 $11 ({Much less strong is} 29... g5 30. exf6 gxh4 31. Qf2 $16) 30. Nh2 Ref8 (30... Bf8 $11) 31. N4f3 $14 g5 {[#] Prevents Qh4. Threatens to win with ...gxf4.} 32. R3e2 (32. fxg5 $2 f4 33. Qf2 fxe3 $19) 32... Qe8 (32... g4 $16) 33. fxg5 $18 Qh5 34. Qh4 ({Better is} 34. Rf2 $18) 34... Qxh4 $16 35. Nxh4 f4 36. g6+ Nxg6 37. Nxg6 Kxg6 38. Rf2 Kh7 39. Kh1 ({But not} 39. Bxf4 Bxh3 40. Be3 Be6 $11) ({Much weaker is} 39. Rxf4 Rxf4 40. Bxf4 Bxh3 $11) 39... Bf5 40. Rxf4 Be4 41. Rxf8 (41. Nf1 $16) 41... Rxf8 (41... Bxf8 $14 42. Re2 Be7) 42. Rf1 (42. Kg1 $16) 42... b6 43. Rxf8 Bxf8 $14 {[%mdl 4096] Endgame KBB-KBN} 44. Be3 Kg6 45. Kg1 Bg7 46. Nf3 ({White should play} 46. Kf2 $16) 46... Bxf3 $11 47. gxf3 {KB-KB} Bf8 48. Kf2 Be7 49. Kg3 h5 50. Kg2 Kf5 51. Kf2 Bf8 52. Ke2 Be7 53. Kd3 Bf8 54. Kc2 Be7 55. Kd3 Bd8 56. Kc2 Be7 {White really could win this.  Weighted Error Value: White=0.14 (very precise) /Black=0.11 (very precise)} 1/2-1/2

[Event "35th Cannes FIJ Open 2022"]
[Site "Cannes"]
[Date "2022.02.26"]
[Round "8.1"]
[White "Krzyzanowski, Marcin"]
[Black "Godena, Michele"]
[Result "1-0"]
[WhiteElo "2523"]
[BlackElo "2442"]
[Annotator "TA"]
[PlyCount "177"]
[EventDate "2022.02.21"]
[EventType "swiss"]
[EventCountry "FRA"]
[SourceTitle "playchess.com"]
[Source "ChessBase"]
[SourceQuality "1"]

{[%evp 9,177,18,15,15,18,19,33,47,29,42,29,45,36,28,46,46,38,30,57,15,39,13,16,0,24,24,31,0,38,50,76,84,69,76,85,15,28,35,29,29,116,117,114,105,167,134,218,212,195,118,136,113,114,113,113,102,102,73,106,87,87,87,99,89,83,79,79,77,84,0,9,0,0,0,0,0,0,0,3,3,32,32,32,0,43,43,43,43,43,43,44,44,53,44,142,44,87,44,87,85,64,0,0,0,44,44,46,0,253,252,250,256,2454,259,250,239,246,252,239,232,228,227,241,239,234,225,221,0,9,0,742,736,723,724,714,719,704,676,679,540,597,502,682,641,587,0,559,533,522,515,483,497,473,458,450,437,585,537,486,422,618,616,581,548,12827,12828,2637,2291,12843,12844]} 1. c4 e5 2. Nc3 Bb4 3. Nd5 Bc5 4. e3 Nf6 5. b4 Nxd5 6. bxc5 {A21: English Opening: 1...e5 2 Nc3.} Nf6 7. Nf3 Qe7 8. Be2 {[#] White is slightly better.} O-O $146 ({Predecessor:} 8... e4 9. Nd4 Na6 10. g4 Nxc5 11. Nf5 Qf8 12. g5 d6 13. Ng3 Nfd7 14. Qc2 Qe7 {½-½ (58) Giri,A (2785)-Grischuk,A (2750) Moscow 2017}) 9. O-O Re8 10. Bb2 $1 Nc6 11. d4 d6 12. cxd6 cxd6 13. Ba3 e4 14. Ne1 (14. Nd2 $14 {should be considered.}) 14... Bf5 15. Nc2 Qd7 16. Rb1 Rac8 17. Rb5 d5 18. Qb1 b6 19. c5 $1 Bg4 20. Bxg4 Qxg4 21. cxb6 axb6 22. Bd6 (22. Rxb6 $16 Na5 23. h3) 22... Na5 $11 23. Na3 (23. Rxb6 Nc4 24. Na3 Nxb6 25. Qxb6 Qe2 $17) 23... Nd7 24. Bb4 (24. Rxd5 Qe6 25. Rxa5 (25. Qb5 $2 Nf6 $19) 25... bxa5 $17) 24... Nc4 (24... Rc6 $11 {keeps the balance.}) 25. Rxd5 $16 Nf6 26. Rb5 Qe2 (26... Qd7 $16 {was called for.}) 27. Re1 Qd3 (27... Nxa3 $16 28. Bxa3 (28. Rxe2 $2 Nxb1 29. h3 Re6 $19) 28... Qd3) 28. Nxc4 $1 $18 Rxc4 29. Rd1 (29. Rxb6 $18 Nd5 30. Rb7) 29... Qe2 $16 30. Rd2 {Prevents Rc2.} Rc1+ 31. Qxc1 Qxb5 32. Rb2 {[%cal Ob4e7]} Nd5 {Inhibits Be7.} 33. Be1 Qd7 34. Rc2 h6 35. Qa3 $1 Rc8 36. Qb3 {Threatens to win with Rxc8+.} Rxc2 37. Qxc2 f5 38. Qc4 Kf7 39. f3 (39. Bd2 $16) 39... Qe6 $11 40. Bd2 g5 41. Bc1 h5 42. a4 Kf6 43. Kf2 Ke7 44. Qc2 Kf6 45. fxe4 fxe4 46. Qc4 Ke7 (46... g4 $11) 47. h3 $14 Kf7 48. Bd2 Ke7 49. Qe2 Qf7+ 50. Kg1 Qe8 51. Qa6 Qd7 {[#]} (51... Qc6 $1 $14) 52. Qa8 (52. a5 $1 $16 {[%cal Ra5b6]} bxa5 53. Qg6 (53. Bxa5 Qf5 $16) (53. Qxa5 Kf7 $16)) 52... h4 (52... Kf7 $1 $14) 53. Bc1 (53. Qh8 $16 {Black must now prevent Qg7+.} Qf5 54. Qg8) 53... Kf7 (53... Qe6 $14) 54. Ba3 $36 {[%mdl 2048] White is in control.} Qe6 55. Qf8+ (55. Qb7+ $14 Kf6 56. Bf8) 55... Kg6 $11 56. Bc1 Qc6 (56... Nf6 $11 {might be stronger.} 57. Qb4 Qa2) 57. Qg8+ $14 Kf6 58. Ba3 (58. Bb2 $14 {is superior.}) 58... Qc3 $2 {[%mdl 8192]} 59. Qf8+ (59. Qxd5 Qxe3+ 60. Kh1 Qe1+ 61. Kh2 Qg3+ 62. Kh1 Qe1+ 63. Kh2 Qg3+ 64. Kh1 Qe1+ $11) 59... Kg6 60. Qe8+ Kf6 $2 (60... Kf5) 61. Qe5+ $2 (61. Bd6 {White threatens Be5+ and mate.} Kf5 62. Qe5+ Kg6 63. Qxe4+ Kf6 64. Qe5+ Kg6 65. Qe8+ Kf6 66. e4 Qe3+ 67. Kh1 Qxd4 68. Kh2) 61... Kg6 $18 62. Qxe4+ (62. Qxd5 Qe1+ 63. Kh2 Qg3+ 64. Kh1 Qe1+ 65. Kh2 Qg3+ 66. Kh1 Qe1+ 67. Kh2 $11) 62... Kg7 63. Qe5+ (63. Qxd5 Qe1+ 64. Kh2 Qg3+ 65. Kh1 Qe1+ 66. Kh2 Qg3+ 67. Kh1 Qe1+ 68. Kh2 $11) 63... Kg6 64. Qe6+ (64. Qxd5 Qe1+ 65. Kh2 Qg3+ 66. Kh1 Qe1+ 67. Kh2 Qg3+ 68. Kh1 Qe1+ 69. Kh2 $11) 64... Kg7 65. Qd7+ (65. Qxd5 Qe1+ 66. Kh2 Qg3+ 67. Kh1 Qe1+ 68. Kh2 Qg3+ 69. Kh1 Qe1+ 70. Kh2 $11) 65... Kg6 66. Qe8+ (66. Qxd5 Qe1+ 67. Kh2 Qg3+ 68. Kh1 Qe1+ 69. Kh2 Qg3+ 70. Kh1 Qe1+ 71. Kh2 $11) 66... Kf6 67. Qf8+ Kg6 {[#]} 68. Qg8+ $2 (68. Kh2 $1 $18 Qc7+ 69. Kh1) 68... Kf6 $11 69. Bd6 Nxe3 $2 {[%mdl 8192] White stays focused until the end.} (69... Qe1+ $11 70. Kh2 Nxe3 71. Qf8+ (71. Be5+ Kf5 $11) 71... Ke6 72. Qe7+ Kd5 73. Qe5+ (73. Qxg5+ Kxd6 74. Qd8+ Ke6 $15) 73... Kc4) 70. Be5+ $18 Ke7 71. Qxg5+ Kd7 72. Qg7+ Ke8 73. Qg6+ Kd7 74. Qd6+ Ke8 75. Qe6+ Kf8 76. Qh6+ Ke8 77. Qg6+ $2 ({Better is} 77. Qxh4 $18 Qd2 78. Qh5+ Ke7 79. Qg5+ Kd7 80. h4 (80. Bf4 Qe1+ 81. Kh2 Nf1+ 82. Kh1 Ng3+ 83. Kh2 Nf1+ 84. Kh1 Ng3+ 85. Kh2 Nf1+ $11) 80... Qd1+ 81. Kh2 Ng4+ 82. Kg3 Nxe5 83. Qxe5) 77... Ke7 $2 {[%mdl 8192]} (77... Kd7 $11 78. Qf7+ Kd8 79. Qf8+ Kd7 80. Qg7+ Ke8 81. Qh8+ Kd7 82. Qxh4 Qc2) 78. Bf6+ {White is clearly winning.} Kd7 79. Qf7+ Kc8 80. Qe8+ Kb7 {( -> ...Qe1+)} 81. Qe4+ Ka7 {Strongly threatening ...Qe1+.} 82. Bxh4 Qc1+ 83. Kf2 ({Avoid the trap} 83. Kh2 $2 Nf1+ 84. Kg1 Ng3+ 85. Kf2 Nxe4+ $19) 83... Nd1+ 84. Kf3 Nc3 (84... Qa3+ $142 85. Kf4 Nc3) 85. Qh7+ Ka6 86. Qd3+ Ka5 87. d5 Nxa4 88. Bf2 Nb2 89. Qa3+ {Weighted Error Value: White=0.16 (very precise) /Black=0.25 (precise)} 1-0

[Event "35th Cannes FIJ Open 2022"]
[Site "Cannes"]
[Date "2022.02.26"]
[Round "8.2"]
[White "Maurizzi, Marc Andria"]
[Black "Boyer, Mahel"]
[Result "0-1"]
[WhiteElo "2502"]
[BlackElo "2407"]
[Annotator "TA"]
[PlyCount "60"]
[EventDate "2022.02.21"]
[EventType "swiss"]
[EventCountry "FRA"]
[SourceTitle "playchess.com"]
[Source "ChessBase"]
[SourceQuality "1"]

{[%evp 12,59,0,0,0,-52,-45,-45,-28,-30,-37,-56,-58,-102,-90,-77,-38,-237,-110,-125,-29,-145,-132,-141,-131,-131,-122,-141,-127,-394,-417,-386,-403,-375,-370,-477,-477,-760,-752,-29989,-29990,-29995,-29996,-29996,-29997,-29997,-29998,-29998,-29999,-29999]} 1. e4 e6 2. d4 d5 3. Nc3 Nf6 4. e5 Nfd7 5. Nce2 c5 6. c3 Nc6 7. Nf3 a5 {C11: French: Classical System: 4 e5 and 4 Bg5 dxe4.} 8. Nf4 (8. a3 $11) 8... cxd4 $15 9. cxd4 g5 {Black is slightly better.} 10. Ne2 g4 11. Nd2 f6 $1 {[#]} 12. h3 $146 (12. exf6 $15 {is superior.} Qxf6 13. f4) ({Predecessor:} 12. exf6 Qxf6 13. Nb1 e5 14. Be3 exd4 15. Nxd4 Bc5 16. Nb5 d4 17. Bc1 Rf8 18. f4 gxf3 19. Qxf3 {1-0 (48) Ly,M (2460)-Kostenko,P (2455) Pavlodar 2015}) 12... fxe5 $17 {Black is more active.} 13. hxg4 Qf6 $40 {[%mdl 128] Black mounts an attack.} (13... Nxd4 14. Nxd4 exd4 15. Bb5 $11) 14. g3 $2 ({White should try} 14. g5 $15 Qf7 15. Nc3) 14... exd4 (14... Nxd4 15. Nxd4 exd4 16. Bb5 $15) (14... Nb4 $1 $19 {[%cal Rb4d3]} 15. Nc3 Qg6) 15. Nf4 {[#]} Bd6 ({Better is} 15... Qe5+ $1 $17 16. Qe2 Nb4) 16. Bd3 (16. Nf3 $1 $11) 16... Bxf4 17. gxf4 {[#]} e5 $1 {[%cal Be6e5,Be5f4][%mdl 32]} 18. g5 Qe7 (18... Qxf4 19. Qh5+ Kd8 20. Nb3 $17) 19. Qh5+ Kd8 20. Bxh7 $2 {[%mdl 8192]} (20. Kf1 $17) 20... exf4+ $19 21. Kf1 Nde5 {And now ...Bg4 would win.} ({Weaker is} 21... Re8 22. Nf3 (22. Bg6 Rf8 $15) 22... Nde5 23. Nxe5 Nxe5 24. Bxf4 $11) 22. g6 Bg4 23. Qh6 Kd7 {Threatens to win with ...Bf5.} ({Don't go for} 23... Nd3 $2 24. Qh4 Be2+ 25. Kg1 $19) 24. g7 {[#]} (24. Qh4 $142 Bf5 25. Qxe7+ Nxe7 26. Kg1) 24... Be2+ $1 {[%mdl 512]} 25. Kg1 {[#]} (25. Kxe2 Ng4+) 25... Rxh7 $1 {[%mdl 512] Black mates.} 26. Qxh7 (26. Qxf4 Rxg7+) 26... Qg5+ 27. Kh2 Ng4+ 28. Kg2 Ne3+ {[%mdl 64] Discovered Attack (Double check). Pair of Knights!} 29. Kh3 Qg4+ 30. Kh2 Qg2# {Weighted Error Value: White=0.70/Black=0.15 (very precise)} 0-1

[Event "35th Cannes FIJ Open 2022"]
[Site "Cannes"]
[Date "2022.02.26"]
[Round "8.3"]
[White "Materia, Marco"]
[Black "Nihal Sarin"]
[Result "1/2-1/2"]
[WhiteElo "2391"]
[BlackElo "2656"]
[Annotator "TA"]
[PlyCount "152"]
[EventDate "2022.02.21"]
[EventType "swiss"]
[EventCountry "FRA"]
[SourceTitle "playchess.com"]
[Source "ChessBase"]
[SourceQuality "1"]

{[%evp 14,152,9,14,6,18,12,0,0,0,0,4,11,0,69,69,72,0,0,-26,-10,-26,-26,-56,-11,-16,14,-22,17,-14,-26,-70,-45,-72,-80,-108,-102,-156,-151,-262,-264,-266,-162,-156,-92,-109,-54,-54,-50,-50,-50,-50,-50,-50,-50,-51,-51,-52,-52,-54,-53,-53,-54,-72,-73,-63,-8,-68,-68,-68,-63,-63,-68,-68,-54,-72,-22,-63,-30,-31,-17,-101,-101,-98,-79,-93,-93,-217,-210,-187,-146,-179,-178,-170,-164,-210,-210,-210,-202,-202,-202,-195,-195,-180,-165,-164,-137,-133,-26,-26,-8,-8,-8,-8,-8,-37,-8,-8,-8,-8,-8,-8,0,-8,0,-8,-8,-8,-8,-8,-8,-8,-8,-8,-8,-8,-8,-8,-8,-8,-8]} 1. d4 Nf6 2. c4 g6 3. Nc3 Bg7 4. Nf3 d6 5. Bg5 {[%cal Bc1g5,Bg5h4,Bh4g3][%mdl 32]} h6 6. Bh4 g5 7. Bg3 Nh5 8. e3 c5 {E61: King's Indian: Early deviations for White, including Smyslov System.} 9. Be2 cxd4 10. exd4 Nxg3 11. hxg3 g4 12. Nh4 h5 13. Rc1 {[#]} O-O $146 (13... Nc6 $11) ({Predecessor:} 13... Nc6 14. d5 Nd4 15. O-O Qb6 16. b3 Nf5 17. c5 dxc5 18. Na4 Qf6 19. Bb5+ Kf8 20. Nxc5 {½-½ (32) Giffard,N (2361)-Popovic,D (2561) Cappelle la Grande 2012}) 14. Qd2 $14 e5 {[#]} 15. d5 {Prevents Nc6. White is more active.} (15. Bd3 $1 $16) 15... Na6 $11 16. O-O f5 17. a3 Qf6 18. Qc2 Bd7 (18... Bh6 $15 {feels stronger.}) 19. b4 Rac8 20. Qb3 {[%cal Oc4c5]} (20. c5 $5 dxc5 21. b5 $15) 20... e4 21. Rc2 {[%cal Oc4c5]} (21. c5 $5) 21... Kh7 22. Re1 (22. Rd1 $11) 22... Rce8 (22... Bh6 $5 {[%cal Rh6g5]}) 23. Bf1 Bh6 24. Ne2 f4 25. Qc3 {[#]} ({White should play} 25. gxf4 Qxh4 26. g3) 25... e3 $1 $17 26. Qxf6 ({Not} 26. Qd3+ $2 Kg7 27. Nxf4 Bxf4 $19) (26. f3 $17 {is a better defense.} Bg5 27. Qxf6 Bxf6 28. fxg4 Bxh4 29. gxh4 hxg4 30. Nxf4 (30. Nd4 $2 f3 $19) 30... Rxf4 31. Rc3) 26... exf2+ $19 ({Worse is} 26... Rxf6 27. f3 $17) 27. Kxf2 Rxf6 28. Nxf4 Bxf4 (28... Rxf4+ $142 29. gxf4 g3+ 30. Kxg3 Rxe1 31. Bd3+ Kg7) 29. Bd3+ $17 Kh6 (29... Kg7 $17 30. Rxe8 Be5+ 31. Nf5+ Rxf5+ 32. Bxf5 Bxe8) 30. Rxe8 $15 Be5+ {This bishop pair is nice.} 31. Nf5+ $1 Bxf5 32. Bxf5 Rxf5+ 33. Ke3 Bxg3 34. Re7 $1 Re5+ 35. Rxe5 Bxe5 36. Rf2 $1 Kg7 {Inhibits Rf7+.} 37. Rf5 $1 Bb2 38. Rxh5 {[%cal Oc4c5]} Bxa3 39. b5 Bc1+ (39... Nc5 $1 $15 40. Rg5+ Kf6 41. Rxg4 Bc1+ 42. Kd4 Bb2+ 43. Ke3 a5 44. bxa6 bxa6) 40. Kd4 (40. Ke4 $1 $11 Nc5+ 41. Kf5) 40... Nc5 {...Kg6 is the strong threat.} 41. Rh4 $1 Bb2+ 42. Ke3 a5 {And now ...Kf6 would win.} 43. bxa6 $1 bxa6 44. Rxg4+ Kf6 ({Better is} 44... Kf7 $17) 45. Kd2 (45. Rg8 $11) 45... a5 46. Kc2 Be5 47. Kb1 (47. Rg8 $1 $11) 47... Kf5 $17 48. Rh4 Kg5 49. Rh3 Kf4 50. Ka2 (50. Kc2 $17) 50... Ke4 $19 51. Ra3 a4 ({Black should try} 51... Kd4 $19 52. Rxa5 Kxc4) 52. Rh3 Kd4 53. Rh4+ Kd3 54. Ka3 (54. g4 $142) 54... Kc3 55. g4 Kxc4 56. g5+ Kxd5 {White must now prevent ...Ke6.} 57. g6 {[%cal Oh4f4]} Ke6 58. Rg4 Bg7 59. Rf4 {[#]} Bb2+ $1 {[%mdl 512]} 60. Ka2 Bf6 (60... Be5 $17 61. Rg4 Bg7) 61. Ka3 $1 $11 Nd3 62. Rg4 Bg7 {Black wants to play ...Kf5.} 63. Kxa4 Ne5 64. Rg1 d5 65. Kb5 {The position is equal.} d4 66. Kc5 Bf8+ 67. Kb5 Bg7 68. Kc5 Bf8+ 69. Kb5 Kf6 70. g7 Bxg7 {Hoping for ...Bh6.} 71. Rd1 d3 72. Kb4 Kf5 73. Kc3 Ke4 74. Re1+ Kf3 (74... Kd5 $5 {[%cal Re5f3]} 75. Rxe5+ Bxe5+ 76. Kxd3 $11) 75. Rxe5 $1 d2 76. Kxd2 Bxe5 {White happily takes the draw.  Weighted Error Value: White=0.19 (very precise) /Black=0.19 (very precise)} 1/2-1/2

[Event "35th Cannes FIJ Open 2022"]
[Site "Cannes"]
[Date "2022.02.26"]
[Round "8.4"]
[White "Meshkovs, Nikita"]
[Black "Pantzar, Milton"]
[Result "1/2-1/2"]
[WhiteElo "2559"]
[BlackElo "2422"]
[Annotator "TA"]
[PlyCount "102"]
[EventDate "2022.02.21"]
[EventType "swiss"]
[EventCountry "FRA"]
[SourceTitle "playchess.com"]
[Source "ChessBase"]
[SourceQuality "1"]

{[%evp 16,102,17,21,27,35,45,44,37,33,22,10,24,0,0,-5,-4,0,0,0,0,-29,-42,-52,-53,-47,-45,-112,-97,-130,-127,-116,-83,-86,-58,-90,-77,-61,-55,-288,-102,-276,-294,-399,-397,-629,-629,-918,-864,-992,-986,-973,-637,-1352,-1316,-1316,-63,-78,-64,-56,-55,-57,-54,-108,-108,-108,-106,-178,-104,-106,-105,-110,-109,-110,-98,-108,-103,-116,-117,-116,-117,-122,-118,-116,-73,-76,-75,-109,-82]} 1. c4 e6 2. Nf3 d5 3. g3 Nf6 4. Bg2 c5 5. cxd5 exd5 6. d4 Nc6 7. Nc3 cxd4 8. Nxd4 Bc5 9. Nb3 {[%csl LRc5,LRd5]} Bb6 {D33: Tarrasch Defence: 6 g3 sidelines.} 10. O-O (10. Bxd5 Nb4 11. Bf3 Qxd1+ 12. Kxd1 Ng4 13. Bxg4 Bxg4 $11) 10... d4 11. Na4 O-O {White is slightly better.} 12. Nxb6 axb6 13. Qd3 {[#]} Be6 $146 ({Predecessor:} 13... Bg4 14. Re1 Re8 15. h3 Be6 16. Bg5 h6 {½-½ (16) Robinson,J (2105)-Ramos,F (2083) ICCF email 2017}) 14. Qb5 h6 {Prevents Bg5.} 15. Bd2 Re8 16. Rfe1 Bd5 17. Bxd5 Nxd5 18. a3 Nf6 19. Qf5 Re5 20. Qf3 Rb5 21. a4 {[#]} (21. Rad1 $15) 21... Ne5 $1 $17 {[%mdl 512]} 22. Qf4 (22. Qf5 Rxb3) 22... Rd5 23. Qf5 Ng6 {Pair of Knights!} 24. Qh3 Qd6 25. Rac1 Kh7 26. Rc4 Re8 27. Rc8 $2 ({White should try} 27. Qg2 $15) 27... Re6 $2 (27... Rh5 $19 28. Qxh5 Nxh5 29. Rxe8 Qc6) 28. Rc4 $2 {[#]} (28. Qg2 $17) 28... Ne5 $1 $19 29. Bf4 Nf3+ 30. Kf1 (30. exf3 $142 Rxe1+ 31. Kg2) 30... Qe7 31. Rc7 Qe8 32. Rec1 Rxe2 {[%cal Of6g4] White must now prevent ...Ng4!} 33. g4 Re1+ 34. Rxe1 Qxe1+ 35. Kg2 Ne5 $2 (35... Qg1+ $19 36. Kxf3 Qh1+ 37. Ke2 d3+ 38. Qxd3+ Rxd3) 36. Bxe5 $15 Rxe5 37. Qd3+ Qe4+ 38. Qxe4+ Rxe4 39. Rxb7 {[%mdl 4096] Endgame KRN-KRN} (39. Nc1 $15) 39... d3 $17 {Hoping for ...Re2.} ({Much weaker is} 39... Nxg4 $6 40. Rxb6 d3 41. a5 $11) 40. Rxb6 Rxg4+ 41. Kf1 {[#]} (41. Kf3 $17 Rxa4 42. Nd2) 41... Rxa4 (41... Ne4 $1 $19 {...Rf4 is the strong threat.} 42. Rb5 (42. f3 $2 Rf4 $19) 42... Rf4) 42. Rd6 {Black is better.} Ra2 43. Nc5 Rxb2 {Threatens to win with ...d2.} 44. Nxd3 Rd2 {[%cal Bb2d2,Bd2a2,Ba2a5][%mdl 32] Strongly threatening ...Ne4.} 45. Ke1 Ra2 ({Reject} 45... Ne4 $6 46. Rd4 $11) 46. Rd4 Ra5 47. Ke2 g6 {[%cal Bg7g6,Bg6g5][%mdl 32]} 48. Nf4 g5 49. Ng2 Kg6 ({Better is} 49... Nd5 50. h4 f6 51. hxg5 fxg5) 50. Ne3 Nh5 51. Kf3 Nf4 {White happily takes the draw.  Weighted Error Value: White=0.54/Black=0.43} 1/2-1/2

[Event "35th Cannes FIJ Open 2022"]
[Site "Cannes"]
[Date "2022.02.26"]
[Round "8.5"]
[White "Nikolov, Momchil"]
[Black "Mathieu, Phileas"]
[Result "1-0"]
[WhiteElo "2501"]
[BlackElo "2323"]
[Annotator "TA"]
[PlyCount "83"]
[EventDate "2022.02.21"]
[EventType "swiss"]
[EventCountry "FRA"]
[SourceTitle "playchess.com"]
[Source "ChessBase"]
[SourceQuality "1"]

{[%evp 12,83,44,31,38,30,47,-3,-10,-8,-8,-17,-11,-14,0,0,0,0,0,0,0,-14,0,-16,10,-45,76,67,65,16,72,68,152,131,235,180,161,159,161,161,228,202,199,183,212,220,229,229,239,202,271,270,270,276,288,288,410,462,495,492,718,715,1041,1012,1026,774,904,888,875,854,1915,1802,29970,5769]} 1. d4 Nf6 2. c4 g6 3. f3 Bg7 4. e4 d6 5. Nc3 O-O 6. Nge2 Nbd7 7. Be3 a6 {E81: King's Indian: Sämisch: 6th move deviations (including 6 Be3 c6).} 8. Qd2 b5 9. cxb5 (9. h4 $14) 9... axb5 $11 {The position is equal.} 10. Nxb5 c6 $1 11. Nbc3 e5 $1 12. d5 Nb6 13. dxc6 Nc4 14. Qc1 Nxe3 15. Qxe3 Be6 16. Rd1 {[#]} Rb8 $146 ({Predecessor:} 16... Qb8 17. Ng3 Qxb2 18. a4 Bh6 19. Qxh6 Qxc3+ 20. Qd2 Qxd2+ 21. Rxd2 Rxa4 22. Rxd6 Rc8 23. Be2 Ra2 24. Rd2 Ra1+ 25. Kf2 Rxh1 26. Nxh1 Rxc6 27. Ke3 Rc3+ 28. Rd3 {½-½ (28) Rosen,L (2327)-Sandstroem,L (2232) ICCF email 2011}) 17. b3 Rb6 18. Nd5 (18. Ng3 $11) 18... Bxd5 (18... Rxc6 $15 19. Nec3 Bxd5 20. exd5 Bh6 $1 21. Qxh6 Rxc3) 19. exd5 $16 e4 20. g3 (20. fxe4 Rb4 21. Rd4 Ng4 $19) (20. Nc3 $14) 20... Rb5 (20... exf3 $11 {keeps the balance.} 21. Qxf3 Rb8) 21. Nc3 {[%cal Be2c3,Bc3e4,Be4g5,Bg5e6][%mdl 32] Black is now going downhill.} Rc5 {[#]} ({Black should try} 21... exf3 $1 $14 22. Qxf3 (22. Bxb5 Re8 $17) 22... Re8+ 23. Kf2 (23. Be2 Rc5 $16) 23... Ra5) 22. Bc4 $1 ({Avoid the trap} 22. fxe4 $2 Ng4 23. Qf4 Bxc3+ 24. Ke2 f5 $19) (22. Nxe4 Nxd5 23. Qd3 Qa5+ 24. Qd2 Bc3 25. Nxc3 Nxc3 $17) 22... Qb6 (22... exf3 $16 23. Qxf3 (23. O-O Ng4 $18) 23... Re8+ 24. Kf2 Re5) 23. O-O {[%cal Bh1f1,Bf1f2,Bf2c2][%mdl 32] And now Na4 would win.} ({Not} 23. fxe4 Ng4 24. Na4 Qb4+ 25. Qd2 Rxc4 26. bxc4 Qxa4 $15) 23... Rxc6 24. Qxb6 Rxb6 25. Nxe4 Nd7 (25... Nxe4 $142 26. fxe4 Re8) 26. f4 Ra8 27. Rf2 f5 28. Ng5 Nc5 29. Rc2 Bf6 30. Kg2 Rb7 31. Ne6 {Nxc5 is the strong threat.} Ne4 32. a4 {[%cal Ba2a4,Ba4a5,Ba5a6][%mdl 32]} Rc8 33. Rdc1 Rb4 (33... Ra7 {is a better defense.} 34. Bb5 Rc3 35. Rxc3 Nxc3) 34. a5 $18 Ra8 35. a6 Rbb8 (35... Be7 $142 36. Bf1 Nc5 37. Nxc5 dxc5) 36. Bd3 Be7 37. Rc7 Kf7 38. Rb7 {Black must now prevent Rcc7.} Nf6 39. Rxb8 Rxb8 40. Nc7 Rxb3 {[#]} 41. a7 $1 Rb2+ (41... Rxd3 42. a8=Q) 42. Rc2 {Weighted Error Value: White=0.14 (very precise) /Black=0.53} 1-0